[Event "Ile et Vilaine-ch"]
[Site "Ile et Vilaine"]
[Date "2002.11.09"]
[Round "2"]
[White "Brochard, Sylvain"]
[Black "Dupitier, Mickael"]
[Result "1-0"]
[WhiteElo "1650"]
[BlackElo "1550"]
[PlyCount "59"]
[EventDate "2002.10.19"]
[EventType "swiss"]
[EventRounds "7"]
[EventCountry "FRA"]
[SourceTitle "EXT 2008"]
[Source "ChessBase"]
[SourceDate "2007.11.25"]
[SourceVersion "1"]
[SourceVersionDate "2007.11.25"]
[SourceQuality "1"]

1. e4 e6 2. d4 d5 3. Nc3 Bb4 4. exd5 exd5 5. Nf3 c6 6. Bd3 Nf6 7. a3 Bd6 8. 0-0 0-0 9. Bg5 h6 10. Bh4 Bg4 11. Re1 Nbd7 12. h3 Bxf3 13. Qxf3 Qc7 14. Ne2 Rfe8 15. Bg3 Ne4 16. Bxd6 Nxd6 17. Ng3 g6 18. Qf4 g5 19. Qf3 Rxe1+ 20. Rxe1 Qd8 21. Qh5 Qf8 22. h4 Nf6 23. Qf3 Kg7 24. hxg5 hxg5 25. Re5 Qh8 26. Rxg5+ Kf8 27. Nf5 Nxf5 28. Rxf5 Kg7 29. Qg3+ Kf8 30. Qe5 1-0